000 00831 a2200205 4500
001 22000
005 20260407155509.0
008 260407a1993 arg spa d
003 AR-UNSa-BCEJYS
040 _aAR-UNSa-BCEJYS
_bspa
_cAR-UNSa-BCEJYS
080 _a657.3
_xPresupuestos. Cierre de Cuentas. Balances (Estados Contables)
245 1 0 _aInterpretación y análisis de estados contables
250 _a4a. ed
264 1 _aBuenos Aires :
_bEdiciones Macchi
_c1993
300 _a142 p.
_c28 cm.
505 _a1. Valores - 2. Estados contables - 3. Los cambios en la posición financieras de las empresas - 4. Tipos de análisis con estados contables - 5. Caso Base - 6. Presentación de informes sobre el análisis de estados contables.
942 _cBK
590 _aniveau_biblio:m niveau_hierar:0
100 1 _aBiondi, Mario
999 _c881
_d881